000 00643nam a22002177a 4500
001 0002124
003 DO-SdBNP
005 20180215091220.0
007 0002124
008 160404b 1985 dr |||| |||| 00| 0 spa d
040 _6BPMSU
_8spa
_aBPMSU
_cdr
245 _aManual de prácticas de química inorgánica 112 /
_c
260 _aSanto Domingo :
_bUASD
_c1985
300 _a65 p. ;
_bil.,
_c28 cm.
490 _aTexttos universitarios
_v4
710 _4Universidad Autónoma de Santo Domingo
830 _pTexttos universitarios
_v4
942 _2ddc
_cBK
945 _ainventariado, 2018 / dg
956 _2VMATEO
_310
_620160404
_8BPMSU
_a0069
999 _c9530
_d9530